000 00625nam a2200217Ii 4500
003 JO-AjNU
008 230606s9999||||xx |||||||||||||| ||und||
020 _a978-0-03-096534-9
040 _aJO-AjNU
_beng
_erda
_cJO-AjNU
041 _aeng
050 1 4 _aHF5667. G87 1993
100 3 _aGUY. DAN M., C WAYNE ALDERMAN, ALAN J WINTERS,
_eauthor
_96855
245 0 0 _aAUDITING
250 _a3th ed
264 3 1 _aNew york: Dryden press,1993
300 _aمتعدد الصفحات
336 _atext
_btxt
_2rdacontent
337 _aunmediated
_bn
_2rdamedia
338 _avolume
_bnc
_2rdacarrier
650 4 _aAuditing
_96856
999 _aE3588
_c3552
_d3552